1623 1031 1683 1791 1909 1728 1744 1508 1073 1491 1222 1308 1790 1679 1970 1499 1182 1736 1669 1474 1306 1992 1146 1290 1610 1104 1699 1306 1462 1341 1344 1023 1371 1391 1286 1619 1067 1644 1110 1433 1714 1554 1951 1901 1846 1844 1082 1718 1627 1494 1975 1506 1723 1255 1082 1555 1226 1208 1969 1590 1350 1004 1301 1886 1831 1842 1492 1848 1498 1048 1792 1377 1712 1195 1694 1495 1218 1476 1222 1448 1742 1859 1638 1449 1810 1716 1101 1621 1679 1494 1601 1416 1489 1339 1255 1764 1076 1230 1328 BCNSPRNW ULIB Ver.6.0+V

เปลี่ยนเป็นภาษาไทย

Change to English
 แสดงรายละเอียดบรรณานุกรม
  กลับหน้าหลัก

Brief Record : Get Marc (ISO 2709) : E-mail record : QR code < ปิดหน้าต่าง
LEADER : 00000nam 2200000uu 4500
001    13399126246
003     ULIB
008    180827s2560||||th 000 0 tha d
020    ^a9789744669896
040    ^abcn
060 04 ^aWO100^bศ170
245 10 ^aศัลยศาสตร์ธรรมศาสตร์ =^bThammasat Surgery/^cบรรณาธิการ,วีระยุทธ โถวประเสริฐ...[และคนอื่นๆ]
250    ^aพิมพ์ครั้งที่ 1
260    ^aปทุมธานี :^bโรงพิมพ์มหาวิทยาลัยธรรมศาสตร์,^c2560
300    ^a532 หน้า :^bภาพประกอบ
650  2 ^aศัลยศาสตร์^xรวมเรื่อง
700 0  ^aวีระยุทธ โถวประเสริฐ,^eบรรณาธิการ
945    ^p400^l0^i004376
945    ^p400^l0^i004375
945    ^p400^l0^i004377
999    ^aประนอม เกษจรัล
รายการนี้ยังไม่มีแท็ก
คุณยังไม่ได้ล็อกอิน คุณสามารถมีกิจกรรมร่วมกับเว็บไซต์ได้ แต่ต้องล็อกอินก่อน ::
  ล็อกอิน

รายการสื่อสารสนเทศ

ลำดับที่ ประเภท เลขเรียก/บาร์โค้ด สถานที่ สถานะ
1. วิทยาศาสตร์การแพทย์ และสุขภาพ
หนังสือสำรอง
สถานะ=หนังสือสำรอง
WO100 ศ170 ฉ.1 
  Barcode: 004375
ห้องสมุดวิทยาเขตสวรรค์ประชารักษ์
►หนังสือทั่วไป
บนชั้น
2. วิทยาศาสตร์การแพทย์ และสุขภาพ
วิทยาศาสตร์การแพทย์ และสุขภาพ
WO100 ศ170 ฉ.2 
  Barcode: 004376
ห้องสมุดวิทยาเขตสวรรค์ประชารักษ์
►หนังสือทั่วไป
บนชั้น
3. วิทยาศาสตร์การแพทย์ และสุขภาพ
วิทยาศาสตร์การแพทย์ และสุขภาพ
WO100 ศ170 ฉ.3 
  Barcode: 004377
ห้องสมุดวิทยาเขตสวรรค์ประชารักษ์
►หนังสือทั่วไป
บนชั้น

รายการใกล้เคียง
    หัวเรื่อง [ศัลยศาสตร์ รวมเรื่อง]

BibComment


ยังไม่เคยถูกคอมเมนท์

คอมเมนท์ทรัพยากรรายการนี้
  คอมเมนท์: ศัลยศาสตร์ธรรมศา..


 Copyright 2026. Bcnsprnw @Library